| 000 | 00538nam a22001817a 4500 | ||
|---|---|---|---|
| 005 | 20260424132828.0 | ||
| 008 | 260424b |||||||| |||| 00| 0 eng d | ||
| 037 | _cDSWL | ||
| 040 |
_aDSWL _cDSWL |
||
| 041 | _hHindi | ||
| 100 |
_aपालीवाल, बाबूराम _91235678 |
||
| 245 | _aपरियों का कवि सम्मेलन | ||
| 260 |
_aNew Delhi, _bNational Book Trust, _c2012 |
||
| 300 | _a35p | ||
| 365 |
_aINR _b45 |
||
| 942 |
_2CC _cTEXL _n0 |
||
| 999 |
_c1848515 _d1848515 |
||